LEADER 01557nam a2200265 u 4500 001 000000092461 003 CaOOAMICUS 005 20150624180442.0 008 060614s2005 it a u000 u ita r 035 $a11092560 040 $aPUL$bita 100 1 $aGrant, Michael,$d1914-$0(OLS)http://pul/name/39167 245 14$aGli imperatori romani, storia e segreti :$bgrandezza militare e debolezze umane, "vizi privati e pubbliche virtù" degli uomini che ressero le sorti della Roma imperiale /$cMichael Grant. 260 $aMilano :$bIl Giornale :$bA. Mondadori,$c2005. 300 $a471 p. :$bill. ;$c21 cm 490 1 $aBiblioteca storica. Antichità classica ;$v33 500 $aEdizione speciale per il Giornale pubblicata su licenza di Mondadori libri desunta dall'ed. c2005, Newton & Compton editori. 650 4$aImperatori romani$xBiografia.$0(OLS)http://pul/subject/4650 651 4$aRoma$xStoria$yImpero, 30 a.C.-476 d.C.$0(OLS)http://pul/subject/3553 830 0$aBiblioteca storica (Il Giornale)$p[Antichità classica] ;$v33.$0(OLS)http://pul/title/131614 850 $aPUL 852 $aPUL$W1$xDP2 Filosofia 3$y112$m937 COLL 1.33$j116296$nBK-PRI$qDDC 21$B116296$CPULBib$Z2$F116296 $HPUL101131 $81 941 1 $a9 996 $6245$aGli imperatori romani, storia e segreti :$bgrandezza militare e debolezze umane, "vizi privati e pubbliche virtù" degli uomini che ressero le sorti della Roma imperiale$9(OLS)http://pul/title/119330 996 $6260$aMilano :$bIl Giornale :$bA. Mondadori$9(OLS)http://pul/publisher/79097 LEADER 01395nam a2200289 u 4500 001 000000002288 003 CaOOAMICUS 005 20070226104420.0 008 940805s1927 be u000 u fre u 035 $a10057129 040 $aAAR$bita 100 1 $aDelehaye, Hippolyte,$cS.I.,$d1859-1941.$0(OLS)http://pul/name/2471 245 10$aSanctus :$bessai sur le culte des saints dans l'antiquité /$cpar Hippolyte Delehaye. 260 $aBruxelles :$bSociété des Bollandistes,$c1927. 300 $aviii, 265 p. ;$c25 cm 490 1 $aSubsidia hagiographica ;$v17 650 0$aSaints$xCult.$2//eng$0(OLS)http://pul/subject/2106 830 0$aSubsidia hagiographica ;$v17.$0(OLS)http://pul/title/12 850 $aPUL 852 $aPUL$W1$xDP1 Fondo Maccarrone$y58$m1520 D 6$j3042$nBK-PRI$b $qFondi$B3042$CPULBib$Z2$F3042 $H $81 852 $aPUL$W1$xDP1 Fondo Cecchetti$y53$m284 G 2$j3043$nBK-PRI$b $qFondi$B3043$CPULBib$Z2$F3043 $HPUL6128 $81 852 $aPUL$W1$xDP2 Religione 1$y63$m32 C 17$j122468$ac. 3$qStampati$B121449$CPULBib$Z2$F121449 $82 941 1 $a8 941 1 $a1 961 $aINV: 5137 F. Maccarrone 996 $6245$aSanctus :$bessai sur le culte des saints dans l'antiquité$9(OLS)http://pul/title/3399 996 $6260$aBruxelles :$bSociété des Bollandistes$9(OLS)http://pul/publisher/47846